Entry Personal Name
001 - CONTROL NUMBER
- control field: 1232
003 - CONTROL NUMBER IDENTIFIER
- control field: AM-YEHGA
005 - DATE AND TIME OF LATEST TRANSACTION
- control field: 20250617070426.0
008 - FIXED-LENGTH DATA ELEMENTS
- fixed length control field: 050127 a|ac|n|aab| |a |n| |d
040 ## - CATALOGING SOURCE
- Original cataloging agency: AM-YEHGA
100 1# - HEADING--PERSONAL NAME
- Personal name: Հակոբյան, Վարդան Սարգսի,
- Dates associated with a name: 1948-2023
370 ## - ASSOCIATED PLACE
- Place of birth: գ. Արփագետիկ (ԼՂՀ, Հադրութի շրջան)
- Place of death: ք. Ստեփանակերտ (ԼՂՀ)
372 ## - FIELD OF ACTIVITY
- Field of activity: Գրականագիտություն
373 ## - ASSOCIATED GROUP
- Associated group: Բաքվի մանկավարժական ինստիտուտ
- Start period: 1964
- End period: 1969
374 ## - OCCUPATION
- Occupation: Գրականագետ
- Occupation: Դրամատուրգ
375 ## - GENDER
- Gender: Արական
400 1# - SEE FROM TRACING--PERSONAL NAME
- Personal name: Հակոբյան, Վարդան,
- Dates associated with a name: 1948-2023
400 1# - SEE FROM TRACING--PERSONAL NAME
- Personal name: Հակոբյան, Վ.
- Fuller form of name: (Վարդան),
- Dates associated with a name: 1948-2023
400 1# - SEE FROM TRACING--PERSONAL NAME
- Personal name: Հակոբյան, Սլավիկ Սարգսի,
- Dates associated with a name: 1948-2023
400 1# - SEE FROM TRACING--PERSONAL NAME
- Personal name: Акопян, Вартан Саркисович,
- Dates associated with a name: 1948-2023
400 1# - SEE FROM TRACING--PERSONAL NAME
- Personal name: Акопян, Вартан,
- Dates associated with a name: 1948-2023
400 1# - SEE FROM TRACING--PERSONAL NAME
- Personal name: Акопян, Славик Саркисович,
- Dates associated with a name: 1948-2023
400 1# - SEE FROM TRACING--PERSONAL NAME
- Personal name: Hakobyan, Vardan Sargsi,
- Dates associated with a name: 1948-2023
670 ## - SOURCE DATA FOUND
- Uniform Resource Identifier: https://hy.wikipedia.org/wiki/Վարդան Հակոբյան (բանաստեղծ)
670 ## - SOURCE DATA FOUND
- Source citation: Հայկական համառոտ հանրագիտարան, 1999 :
- Information found: հ. 3 (Հակոբյան Վարդան (Սլավիկ) Սարգսի (ծ. 21.5.1948, գ. Արփագյադուկ (ԼՂՀ, Հադրութի շրջ.)), բանաստեղծ, դրամատուրգ, բանաս. գիտ. դ-ր (1998), պրոֆ.։ «Սովետական Ղարաբաղ» թերթի աշխ. (1969-83), գլխ. խմբ. տեղ. (1946-83)։ Գրող. միութ. ԼՂՄ բաժանմունքի պատ. քարտուղար (1983-91), նախագահ (1991))
670 ## - SOURCE DATA FOUND
- Source citation: Թևերի հեռուն (Երկերի ժող.), 2003 :
- Information found: տիտղթ. (Վարդան Հակոբյան)
670 ## - SOURCE DATA FOUND
- Source citation: Ծաղկալույսի շշունջներ (Բանաստեղծ. և առակներ), 2003 :
- Information found: տիտղթ. (Վ.Ս. Հակոբյան)
670 ## - SOURCE DATA FOUND
- Source citation: Глаза Карабаха (Стихи), 1991 :
- Information found: т.л. (Вартан Акопян (Славик Саркисович Акопян))
ՀՀ Գիտությունների ազգային ակադեմիայի հիմնարար գիտական գրադարան = Fundamental Scientific Library of NAS RA
All site content, except where otherwise noted, is licensed under a